[Event "Quebec-ch Senior"]
[Site "Montreal CAN"]
[Date "2014.02.08"]
[Round "3"]
[White "Raduica, Gheorghe"]
[Black "Senecal, Jean-Pierre"]
[Result "0-1"]
[WhiteElo "1302"]
[BlackElo "1253"]
[PlyCount "118"]
[EventDate "2014.02.07"]
[EventType "swiss"]
[EventRounds "5"]
[EventCountry "CAN"]

1. e4 e5 2. Nf3 d6 3. Bc4 Be7 4. c3 Nf6 5. Ng5 O-O 6. Qb3 Qe8 7. Bxf7+ Rxf7 8.
Nxf7 Qxf7 9. Qxf7+ Kxf7 10. d3 c5 11. Nd2 b5 12. a3 Bb7 13. O-O a5 14. f4 Nbd7
15. f5 d5 16. exd5 Bxd5 17. Nf3 h6 18. Bd2 c4 19. Rae1 Bd6 20. d4 e4 21. Nh4
Re8 22. Bf4 Bxf4 23. Rxf4 e3 24. Ng6 Nh5 25. Rh4 Nhf6 26. Nf4 Bb7 27. Rh3 Re4
28. Ne2 Nd5 29. Rf1 N7f6 30. Rhf3 b4 31. axb4 axb4 32. cxb4 Nxb4 33. Rf4 Re8
34. Ra1 Nd3 35. Rff1 Ra8 36. Rxa8 Bxa8 37. Ra1 Bd5 38. Ra7+ Kg8 39. Ra3 Ne4 40.
Ra5 Bf7 41. h3 Nxb2 42. Re5 Nd6 43. g4 Nd1 44. Kf1 c3 45. Ke1 Bb3 46. Nc1 Bc2
47. f6 gxf6 48. Re6 Nb5 49. Rxf6 Kg7 50. Rf4 Nf2 51. h4 Nd3+ 52. Nxd3 Bxd3 53.
g5 hxg5 54. Rg4 c2 55. Rxg5+ Kf6 56. Rc5 Nxd4 57. h5 Nb3 58. h6 Nxc5 59. h7
Bxh7 0-1

[Event "Quebec-ch Senior"]
[Site "Montreal CAN"]
[Date "2014.02.09"]
[Round "4"]
[White "Beaulieu, Pierre"]
[Black "Prahov, Valentin"]
[Result "0-1"]
[WhiteElo "1954"]
[BlackElo "2237"]
[PlyCount "72"]
[EventDate "2014.02.07"]
[EventType "swiss"]
[EventRounds "5"]
[EventCountry "CAN"]

1. b3 Nf6 2. Bb2 g6 3. e4 d6 4. f4 Bg7 5. Nf3 O-O 6. d3 c5 7. g3 Nc6 8. Nbd2
Bg4 9. Bg2 Qc8 10. O-O Nd4 11. c3 Nc6 12. Qc2 b5 13. d4 cxd4 14. cxd4 Nb4 15.
Qc3 a5 16. Ne1 Qxc3 17. Bxc3 Rac8 18. Bxb4 axb4 19. e5 dxe5 20. dxe5 Rfd8 21.
exf6 Bxf6 22. Nef3 Bxa1 23. Rxa1 Rc2 24. h3 Bf5 25. Nf1 Rd3 26. Ne5 Rdc3 27.
Nc6 Rxc6 28. Bxc6 Rxc6 29. h4 Rc2 30. Ne3 Rd2 31. a4 bxa3 32. Rxa3 Be4 33. Ra7
Re2 34. Rxe7 Rxe3 35. Kf2 Rf3+ 36. Ke2 f5 0-1

[Event "Quebec-ch Senior"]
[Site "Montreal CAN"]
[Date "2014.02.09"]
[Round "4"]
[White "Bedard, Michel"]
[Black "Nakhamtchin, Roman"]
[Result "1-0"]
[WhiteElo "1548"]
[BlackElo "1399"]
[PlyCount "67"]
[EventDate "2014.02.07"]
[EventType "swiss"]
[EventRounds "5"]
[EventCountry "CAN"]

1. d4 Nf6 2. c4 e6 3. Nf3 c5 4. Nc3 cxd4 5. Nxd4 Bb4 6. Bd2 O-O 7. e3 e5 8. Nc2
Bxc3 9. Bxc3 Re8 10. Nb4 b6 11. Qf3 e4 12. Bxf6 exf3 13. Bxd8 Rxd8 14. gxf3 Bb7
15. Nd5 Bxd5 16. cxd5 Rc8 17. Kd2 d6 18. Bh3 Rc5 19. e4 Na6 20. a3 Re8 21. b4
Rc7 22. Rac1 Ree7 23. Kd3 f6 24. Rc6 Rxc6 25. dxc6 Nc7 26. a4 Na6 27. Kc4 Nc7
28. b5 Re5 29. Rd1 Rc5+ 30. Kb4 a5+ 31. Kb3 d5 32. exd5 Kf8 33. d6 Rd5 34. dxc7
1-0

[Event "Quebec-ch Senior"]
[Site "Montreal CAN"]
[Date "2014.02.09"]
[Round "4"]
[White "Blondin, Bernard"]
[Black "Pietka, Krystyn"]
[Result "0-1"]
[WhiteElo "865"]
[BlackElo "1190"]
[PlyCount "100"]
[EventDate "2014.02.07"]
[EventType "swiss"]
[EventRounds "5"]
[EventCountry "CAN"]

1. d4 Nf6 2. Nf3 d5 3. e3 Bg4 4. Be2 e6 5. O-O Nc6 6. h3 Bh5 7. a3 Bd6 8. c4
dxc4 9. Bxc4 a6 10. b4 b5 11. Be2 Bg6 12. Bb2 O-O 13. Nbd2 Ne7 14. Ne5 Bxe5 15.
dxe5 Nd7 16. e4 c5 17. Bc3 c4 18. h4 h6 19. Bf3 Nc6 20. g4 Qxh4 21. Kg2 Ndxe5
22. Rh1 Qg5 23. Bxe5 Nxe5 24. Ra2 Rad8 25. Qe2 Nxf3 26. Nxf3 Qxg4+ 27. Kf1 Qxe4
28. Kg2 Qxe2 29. Rxe2 Bd3 30. Rd2 Be4 31. Kg3 Rd3 32. Rxd3 cxd3 33. Re1 f5 34.
Nd2 Rc8 35. f3 Bd5 36. Re3 Rc3 37. Kf4 Rxa3 38. Nb1 Rb3 39. Nd2 Rxb4+ 40. Ke5
Rb2 41. Nf1 Re2 42. Kd4 Rxe3 43. Kxe3 Bc4 44. Nd2 a5 45. Kd4 a4 46. Kc3 g5 47.
Kb4 h5 48. Nf1 h4 49. Nh2 d2 50. Kc3 d1=Q 0-1

[Event "Quebec-ch Senior"]
[Site "Montreal CAN"]
[Date "2014.02.09"]
[Round "4"]
[White "Boudreau, Daniel"]
[Black "Lebeau, Gilbert"]
[Result "1-0"]
[WhiteElo "2026"]
[BlackElo "2065"]
[PlyCount "81"]
[EventDate "2014.02.07"]
[EventType "swiss"]
[EventRounds "5"]
[EventCountry "CAN"]

1. e4 e6 2. d4 d5 3. e5 c5 4. c3 Qb6 5. Nf3 Nc6 6. Be2 Bd7 7. O-O f6 8. dxc5
Bxc5 9. b4 Be7 10. Bf4 g5 11. Be3 Qc7 12. exf6 Nxf6 13. Nxg5 h5 14. f4 Ng4 15.
Bxg4 hxg4 16. g3 Bxg5 17. fxg5 O-O-O 18. a4 Rh3 19. Qxg4 e5 20. Qf3 Rdh8 21.
Ra2 Be6 22. Qf6 Qd7 23. b5 Na5 24. Bxa7 Nc4 25. Bc5 b6 26. Bxb6 Nxb6 27. Qxe5
Nc4 28. Qd4 Qd6 29. Rg2 Ne5 30. Nd2 Ng4 31. Ne4 Qc7 32. b6 Qe7 33. b7+ Kb8 34.
Nc5 Qd6 35. Qf4 Qxf4 36. Rxf4 Ne3 37. Re2 d4 38. Nxe6 d3 39. Rxe3 d2 40. Rd3
Rxh2 41. Rf8+ 1-0

[Event "Quebec-ch Senior"]
[Site "Montreal CAN"]
[Date "2014.02.09"]
[Round "4"]
[White "Brunet, Guy"]
[Black "Langlois, Jean-Marie"]
[Result "1/2-1/2"]
[WhiteElo "1584"]
[BlackElo "1374"]
[PlyCount "91"]
[EventDate "2014.02.07"]
[EventType "swiss"]
[EventRounds "5"]
[EventCountry "CAN"]

1. d4 Nf6 2. Nf3 e6 3. Bf4 b6 4. e3 Bb7 5. Nbd2 Be7 6. Bc4 d5 7. Bb3 Nbd7 8.
O-O Nh5 9. c3 O-O 10. Ne5 Nxf4 11. exf4 c5 12. Rc1 a6 13. Bc2 cxd4 14. cxd4 Rc8
15. Qh5 g6 16. Qe2 Re8 17. Ba4 b5 18. Bc2 Bd6 19. Ndf3 f6 20. Nxd7 Qxd7 21. g3
Rc4 22. Bd3 Rc7 23. a3 Rec8 24. Qd2 Bf8 25. Rc2 Rxc2 26. Bxc2 Qc7 27. Bd3 Qd6
28. Rc1 Rxc1+ 29. Qxc1 Qc6 30. Qxc6 Bxc6 31. b4 Kf7 32. Nd2 Bb7 33. Nb3 g5 34.
Kg2 Kg7 35. Kf3 h5 36. Ke3 Kf7 37. h4 Bc8 38. Nc5 Kg7 39. Nb3 Kf7 40. Kd2 Kg7
41. Kc3 Kf7 42. Na5 Bd7 43. Be2 Kg6 44. Nb7 Be7 45. Nc5 Bxc5 46. dxc5 1/2-1/2

[Event "Quebec-ch Senior"]
[Site "Montreal CAN"]
[Date "2014.02.09"]
[Round "4"]
[White "Dubois, Lorraine"]
[Black "Raduica, Gheorghe"]
[Result "0-1"]
[WhiteElo "1060"]
[BlackElo "1302"]
[PlyCount "60"]
[EventDate "2014.02.07"]
[EventType "swiss"]
[EventRounds "5"]
[EventCountry "CAN"]

1. d4 d6 2. c4 Nf6 3. Nc3 e6 4. Nf3 h6 5. Bf4 b6 6. b4 Bb7 7. e3 Be7 8. h3 Ne4
9. Qc2 Ng5 10. Be2 Nxf3+ 11. Bxf3 Bxf3 12. gxf3 Nd7 13. Rg1 Bf6 14. Ne4 Qe7 15.
Nxf6+ Qxf6 16. Qe4 Ke7 17. Bg3 Qf5 18. Qxf5 exf5 19. O-O-O g5 20. f4 f6 21.
Rde1 Kf7 22. d5 a5 23. a3 axb4 24. axb4 Ra4 25. Kc2 Rxb4 26. Kc3 Ra4 27. e4
fxe4 28. Rxe4 Nc5 29. Re2 Ra3+ 30. Kb4 Rb3# 0-1

[Event "Quebec-ch Senior"]
[Site "Montreal CAN"]
[Date "2014.02.09"]
[Round "4"]
[White "Gervais, Marcel"]
[Black "Lessard, Sylvain"]
[Result "0-1"]
[WhiteElo "1274"]
[BlackElo "1670"]
[PlyCount "72"]
[EventDate "2014.02.07"]
[EventType "swiss"]
[EventRounds "5"]
[EventCountry "CAN"]

1. c4 c5 2. g3 g6 3. Bg2 Bg7 4. Nc3 Nf6 5. Nf3 Nc6 6. O-O O-O 7. d3 Rb8 8. Rb1
a6 9. Bf4 d6 10. a3 e5 11. Bg5 h6 12. Bxf6 Bxf6 13. Nd5 Bg7 14. Nd2 Ne7 15. f4
Nxd5 16. Bxd5 Qe7 17. fxe5 Bxe5 18. Nf3 Bg7 19. Kh1 Be6 20. Be4 b5 21. b3 Rfd8
22. Bd5 Bxd5 23. cxd5 Qe3 24. Nd2 Re8 25. Ne4 Qd4 26. Nxd6 Qxd5+ 27. Ne4 f5 28.
Rf4 fxe4 29. dxe4 Qxd1+ 30. Rxd1 Rbd8 31. Rc1 Bd4 32. Rcf1 Rf8 33. Rxf8+ Rxf8
34. Rxf8+ Kxf8 35. Kg2 c4 36. bxc4 bxc4 0-1

[Event "Quebec-ch Senior"]
[Site "Montreal CAN"]
[Date "2014.02.09"]
[Round "4"]
[White "Gilbert, Erick"]
[Black "Dorion, Francois"]
[Result "0-1"]
[WhiteElo "1907"]
[BlackElo "1670"]
[PlyCount "74"]
[EventDate "2014.02.07"]
[EventType "swiss"]
[EventRounds "5"]
[EventCountry "CAN"]

1. Nf3 Nf6 2. c4 c5 3. Nc3 Nc6 4. g3 g6 5. Bg2 Bg7 6. O-O e5 7. d3 O-O 8. Bg5
h6 9. Be3 d6 10. h3 Rb8 11. a3 Re8 12. Qc1 Kh7 13. Nd2 Nd4 14. Rb1 Be6 15. b4
Qd7 16. bxc5 dxc5 17. Kh2 b6 18. Nf3 Nh5 19. Ng1 f5 20. Bd5 f4 21. Bd2 fxg3+
22. fxg3 Bxh3 23. Nxh3 Qg4 24. Qe1 Rf8 25. Rg1 Rf5 26. Nf2 Rxf2+ 27. Qxf2 Rf8
28. Qg2 e4 29. Bxe4 Be5 30. Bxg6+ Kxg6 31. Qe4+ Qxe4 32. Nxe4 Nxe2 33. Rg2 Nd4
34. Bf4 Nf3+ 35. Kh3 Bxf4 36. gxf4+ Kh7 37. Kg4 Rxf4+ 0-1

[Event "Quebec-ch Senior"]
[Site "Montreal CAN"]
[Date "2014.02.09"]
[Round "4"]
[White "Hebert, Pierre"]
[Black "Blais, Georges"]
[Result "1/2-1/2"]
[WhiteElo "1622"]
[BlackElo "1479"]
[PlyCount "58"]
[EventDate "2014.02.07"]
[EventType "swiss"]
[EventRounds "5"]
[EventCountry "CAN"]

1. d4 d5 2. c4 c6 3. Nc3 Nf6 4. cxd5 cxd5 5. Nf3 e6 6. e3 Bd6 7. Bd3 Nc6 8. Bd2
a5 9. Rc1 O-O 10. O-O Re8 11. a3 e5 12. dxe5 Nxe5 13. Be2 Nc4 14. Nxd5 Nxd2 15.
Nxf6+ Qxf6 16. Qxd2 Rd8 17. Qc3 Qe7 18. Rfd1 Be6 19. Nd4 Be5 20. Qe1 Bd7 21.
Bf3 Rab8 22. Rd3 Qf6 23. Rcd1 Qg6 24. Nc6 bxc6 25. Rxd7 Rxd7 26. Rxd7 Bxb2 27.
Qxa5 Bf6 28. g3 Qb1+ 29. Kg2 Qb6 1/2-1/2

[Event "Quebec-ch Senior"]
[Site "Montreal CAN"]
[Date "2014.02.09"]
[Round "4"]
[White "Lafleche, Alain"]
[Black "Labadie, Bernard"]
[Result "1-0"]
[WhiteElo "1793"]
[BlackElo "1337"]
[PlyCount "35"]
[EventDate "2014.02.07"]
[EventType "swiss"]
[EventRounds "5"]
[EventCountry "CAN"]

1. e4 e5 2. Nf3 Nc6 3. d4 exd4 4. Nxd4 Nxd4 5. Qxd4 d6 6. Nc3 Nf6 7. f3 h6 8.
Be3 Be7 9. O-O-O O-O 10. g4 Nh7 11. Qd2 Be6 12. Be2 a6 13. Kb1 c6 14. f4 b5 15.
Bf3 Qa5 16. Nd5 Qxd2 17. Nxe7+ Kh8 18. Rxd2 1-0

[Event "Quebec-ch Senior"]
[Site "Montreal CAN"]
[Date "2014.02.09"]
[Round "4"]
[White "Nakashima, Richard"]
[Black "Grandmaison, Real"]
[Result "0-1"]
[WhiteElo "933"]
[BlackElo "1186"]
[PlyCount "92"]
[EventDate "2014.02.07"]
[EventType "swiss"]
[EventRounds "5"]
[EventCountry "CAN"]

1. d4 e6 2. c4 Be7 3. Nc3 Nf6 4. e4 O-O 5. Nf3 d5 6. Be2 c6 7. e5 Ne8 8. O-O f6
9. Bf4 fxe5 10. Bxe5 Nd7 11. Bg3 Bf6 12. h4 h6 13. Nh2 Bxh4 14. Bxh4 Qxh4 15.
Bh5 Ndf6 16. Bf3 Qf4 17. g3 Qc7 18. Kg2 a6 19. Rh1 b5 20. a3 bxc4 21. Qd2 c5
22. Rag1 cxd4 23. Qxd4 Ra7 24. Kf1 Rf7 25. Qd2 Qe5 26. Nd1 Rab7 27. g4 Nh7 28.
Nc3 Ng5 29. Bd1 Rf6 30. Rg3 Rbf7 31. Rg2 Bb7 32. Qe2 Qxe2+ 33. Bxe2 d4 34. f3
dxc3 35. bxc3 Bxf3 36. Nxf3 Nxf3 37. Bxf3 Rxf3+ 38. Ke2 Rxc3 39. Kd2 Rxa3 40.
Rc1 Rc7 41. g5 Ra2+ 42. Rc2 Rxc2+ 43. Kxc2 hxg5 44. Rxg5 c3 45. Rg3 Nf6 46. Re3
Kf7 0-1

[Event "Quebec-ch Senior"]
[Site "Montreal CAN"]
[Date "2014.02.09"]
[Round "4"]
[White "Ouimet, Alain"]
[Black "Lemieux, Serge"]
[Result "1-0"]
[WhiteElo "1297"]
[BlackElo "1584"]
[PlyCount "75"]
[EventDate "2014.02.07"]
[EventType "swiss"]
[EventRounds "5"]
[EventCountry "CAN"]

1. d4 e6 2. c4 d5 3. Nf3 c6 4. e3 Nf6 5. Nc3 Nbd7 6. Qc2 Be7 7. Be2 dxc4 8.
Bxc4 Nb6 9. Bb3 Nbd5 10. e4 Nxc3 11. bxc3 O-O 12. Bg5 h6 13. Bf4 Nh5 14. Be3
Nf6 15. h3 b6 16. O-O Bb7 17. e5 Nd5 18. Qd3 a5 19. Bc2 g6 20. Bxh6 Ba6 21. Qd2
Bxf1 22. Bxf8 Qxf8 23. Kxf1 Qg7 24. a3 g5 25. Nh2 Rd8 26. Be4 Nf4 27. Bxc6 Qxe5
28. Qe3 Qc7 29. Bf3 Nxh3 30. g3 Bd6 31. Bg4 Nf4 32. Nf3 Qc4+ 33. Kg1 f5 34. Nd2
Qc6 35. Bf3 Qc7 36. gxf4 Bxf4 37. Qxe6+ Qf7 38. Qxf7+ 1-0

[Event "Quebec-ch Senior"]
[Site "Montreal CAN"]
[Date "2014.02.09"]
[Round "4"]
[White "Perreault, Marc"]
[Black "Bureau, Robert"]
[Result "1-0"]
[WhiteElo "1512"]
[BlackElo "1383"]
[PlyCount "129"]
[EventDate "2014.02.07"]
[EventType "swiss"]
[EventRounds "5"]
[EventCountry "CAN"]

1. d4 Nf6 2. Nc3 d5 3. Bg5 e6 4. e4 Be7 5. e5 Ne4 6. Nxe4 Bxg5 7. Nxg5 Qxg5 8.
Nf3 Qe7 9. Qd2 Nd7 10. Bd3 a6 11. O-O-O O-O 12. Ng5 h6 13. Nf3 f6 14. Nh4 Qd8
15. Ng6 Rf7 16. f4 f5 17. g4 Nf8 18. Nxf8 Qxf8 19. gxf5 exf5 20. Rhg1 Be6 21.
Rg6 Qe7 22. Rdg1 Kh7 23. Be2 Rg8 24. Bh5 Rff8 25. R6g3 Bf7 26. Bf3 c5 27. dxc5
Qxc5 28. Qg2 g6 29. e6 Qe3+ 30. Kb1 Qxe6 31. Rd1 d4 32. b3 Qb6 33. Bxb7 a5 34.
Bd5 Bxd5 35. Qxd5 Rd8 36. Qc4 Qd6 37. Qf1 Qb4 38. Rgd3 a4 39. Qe1 Qxe1 40. Rxe1
a3 41. b4 Rge8 42. Rxe8 Rxe8 43. Kc1 Re4 44. b5 Re8 45. Rxd4 Rb8 46. c4 g5 47.
fxg5 hxg5 48. Rd6 f4 49. b6 f3 50. c5 Kg7 51. Rd7+ Kf6 52. Rd2 Ke5 53. Kd1 Ke4
54. Ke1 Ke3 55. Rc2 Kd4 56. Rc1 g4 57. Kf2 Kd5 58. c6 Rxb6 59. c7 Rb2+ 60. Kf1
Rxh2 61. c8=Q Rh1+ 62. Kf2 Rxc1 63. Qxc1 Ke4 64. Qe3+ Kf5 65. Kg3 1-0

[Event "Quebec-ch Senior"]
[Site "Montreal CAN"]
[Date "2014.02.09"]
[Round "4"]
[White "Roy, Vital"]
[Black "Milosz, Jerzy"]
[Result "0-1"]
[WhiteElo "1041"]
[BlackElo "1539"]
[PlyCount "74"]
[EventDate "2014.02.07"]
[EventType "swiss"]
[EventRounds "5"]
[EventCountry "CAN"]

1. d4 Nf6 2. c4 e6 3. a3 Be7 4. Nc3 c6 5. f3 d5 6. e3 dxc4 7. Bxc4 b5 8. Bb3
O-O 9. Nge2 Nbd7 10. O-O Nd5 11. e4 Nxc3 12. bxc3 Qb6 13. Be3 Qc7 14. Qd2 Nb6
15. Bf4 Qd7 16. Rfd1 Rd8 17. Kh1 Bb7 18. Qa2 a5 19. d5 cxd5 20. exd5 exd5 21.
Rd3 a4 22. Bc2 Nc4 23. Rad1 Nxa3 24. Be3 Nxc2 25. Qxc2 Rdc8 26. Qa2 Rc4 27. Nf4
Qc8 28. Nxd5 Bxd5 29. Rxd5 Rxc3 30. Qe2 Qc4 31. Qd2 h6 32. Rd7 Rc2 33. Qd5 Qxd5
34. R1xd5 Bf6 35. h3 a3 36. Bd4 Bxd4 37. Rxd4 a2 0-1

[Event "Quebec-ch Senior"]
[Site "Montreal CAN"]
[Date "2014.02.09"]
[Round "4"]
[White "Senecal, Jean-Pierre"]
[Black "Plouffe, Michel"]
[Result "1-0"]
[WhiteElo "1253"]
[BlackElo "1010"]
[PlyCount "109"]
[EventDate "2014.02.07"]
[EventType "swiss"]
[EventRounds "5"]
[EventCountry "CAN"]

1. e4 e5 2. c3 Nc6 3. Bb5 Bc5 4. Nf3 Nge7 5. O-O O-O 6. b4 Bb6 7. Na3 a6 8. Ba4
d5 9. exd5 Nxd5 10. Re1 Re8 11. Nc4 e4 12. Nfe5 Nxe5 13. Bxe8 Qxe8 14. Nxb6
cxb6 15. Rxe4 f5 16. Re1 Nf4 17. d4 Qg6 18. Bxf4 Nc4 19. Qe2 Na3 20. Bc1 Nb5
21. Bb2 Bd7 22. c4 Nd6 23. Rac1 Re8 24. Qd3 Ne4 25. f3 Ng5 26. Rxe8+ Bxe8 27.
Kf2 Bd7 28. Re1 Qh5 29. f4 Qh4+ 30. Qg3 Qxg3+ 31. Kxg3 Ne4+ 32. Kf3 Bc6 33. d5
Ba4 34. Ke3 Nd6 35. Kd4 Bc2 36. Ke5 Nxc4+ 37. Ke6 Nxb2 38. Re2 Ba4 39. Rxb2 Kf8
40. Kxf5 Ke7 41. Ke5 Kd7 42. g4 Bd1 43. g5 Bg4 44. f5 Bh5 45. a4 Bd1 46. a5 b5
47. h4 Bh5 48. Rd2 Bf3 49. d6 Bc6 50. f6 gxf6+ 51. gxf6 Ke8 52. Rd4 Bd7 53. Rf4
Kf7 54. Rf3 h6 55. Rg3 1-0

[Event "Quebec-ch Senior"]
[Site "Montreal CAN"]
[Date "2014.02.09"]
[Round "5"]
[White "Bedard, Michel"]
[Black "Beaulieu, Pierre"]
[Result "1/2-1/2"]
[WhiteElo "1548"]
[BlackElo "1954"]
[PlyCount "37"]
[EventDate "2014.02.07"]
[EventType "swiss"]
[EventRounds "5"]
[EventCountry "CAN"]

1. d4 Nf6 2. c4 c5 3. Nf3 g6 4. Nc3 cxd4 5. Nxd4 Bg7 6. e3 d6 7. Be2 Na6 8. a3
O-O 9. O-O Nc7 10. e4 Ne6 11. Be3 h5 12. h3 Nxd4 13. Bxd4 b6 14. f3 Be6 15. Nd5
Bxd5 16. cxd5 Bh6 17. Ba6 Bf4 18. Bb7 Rb8 19. Bc6 1/2-1/2

[Event "Quebec-ch Senior"]
[Site "Montreal CAN"]
[Date "2014.02.09"]
[Round "5"]
[White "Blais, Georges"]
[Black "Lafleche, Alain"]
[Result "1/2-1/2"]
[WhiteElo "1479"]
[BlackElo "1793"]
[PlyCount "92"]
[EventDate "2014.02.07"]
[EventType "swiss"]
[EventRounds "5"]
[EventCountry "CAN"]

1. d4 d5 2. Nf3 Nc6 3. e3 Bg4 4. c3 e6 5. Nbd2 a6 6. a3 b5 7. Be2 Bd6 8. e4
dxe4 9. Nxe4 Be7 10. h3 Bh5 11. Ng3 Bg6 12. Bf4 Nf6 13. Ne5 Nxe5 14. Bxe5 O-O
15. Bf3 Rb8 16. Qe2 Nd5 17. O-O f6 18. Bxd5 exd5 19. Bf4 Bd6 20. Qf3 Bxf4 21.
Qxf4 Qd7 22. Qd2 Rfe8 23. Ne2 Re7 24. Nf4 Bf7 25. Nd3 Qf5 26. Nc5 a5 27. Rfe1
Rbe8 28. Rxe7 Rxe7 29. Nd3 h6 30. Re1 Rxe1+ 31. Nxe1 Bg6 32. Qe2 Kh7 33. Qxb5
h5 34. Nf3 Qb1+ 35. Kh2 Qe4 36. Kg1 Qb1+ 37. Kh2 Qe4 38. Kg1 Bf5 39. Nd2 Qe1+
40. Nf1 Qd1 41. Kh2 Bd3 42. Ne3 Qe2 43. Qxd5 Qxf2 44. Qf3 Qxb2 45. Qxh5+ Kg8
46. Qe8+ Kh7 1/2-1/2

[Event "Quebec-ch Senior"]
[Site "Montreal CAN"]
[Date "2014.02.09"]
[Round "5"]
[White "Bureau, Robert"]
[Black "Roy, Vital"]
[Result "1-0"]
[WhiteElo "1383"]
[BlackElo "1041"]
[PlyCount "65"]
[EventDate "2014.02.07"]
[EventType "swiss"]
[EventRounds "5"]
[EventCountry "CAN"]

1. e4 g6 2. d4 Bg7 3. Nf3 d6 4. Bc4 h6 5. h3 c6 6. Nc3 Nd7 7. O-O b5 8. Bb3 a5
9. a3 Ngf6 10. e5 Nd5 11. Nxd5 cxd5 12. Bxd5 Rb8 13. exd6 e6 14. Ba2 O-O 15.
Re1 Nf6 16. Bf4 Re8 17. d7 Bxd7 18. Bxb8 Qxb8 19. Ne5 Bc8 20. c3 Qd6 21. Qf3
Re7 22. Qc6 Qd8 23. Qxb5 Bd7 24. Nxd7 Nxd7 25. Qe2 Nf6 26. Rad1 Bf8 27. Qf3 Qd6
28. Qxf6 Bg7 29. Qf3 h5 30. d5 e5 31. Qd3 f5 32. Qc4 Rc7 33. Qxc7 1-0

[Event "Quebec-ch Senior"]
[Site "Montreal CAN"]
[Date "2014.02.09"]
[Round "5"]
[White "Desjardins, Raymond"]
[Black "Gervais, Marcel"]
[Result "0-1"]
[WhiteElo "1098"]
[BlackElo "1274"]
[PlyCount "48"]
[EventDate "2014.02.07"]
[EventType "swiss"]
[EventRounds "5"]
[EventCountry "CAN"]

1. d4 d5 2. c4 Nc6 3. e3 Nf6 4. Nc3 Bf5 5. Bd3 Bxd3 6. Qxd3 e5 7. Nge2 Nb4 8.
Qd1 dxc4 9. dxe5 Qxd1+ 10. Nxd1 Nc2+ 11. Kf1 O-O-O 12. Nec3 Nxa1 13. exf6 gxf6
14. f4 Nc2 15. Nf2 f5 16. Nh3 h6 17. Ke2 Bc5 18. Nf2 Rhe8 19. Ncd1 Nb4 20. a3
Nd3 21. Bd2 Nxf4+ 22. Kf3 Rxd2 23. exf4 Bxf2 24. Nxf2 Ree2 0-1

[Event "Quebec-ch Senior"]
[Site "Montreal CAN"]
[Date "2014.02.09"]
[Round "5"]
[White "Grandmaison, Real"]
[Black "Dubreuil, Raymond"]
[Result "1-0"]
[WhiteElo "1186"]
[BlackElo "1492"]
[PlyCount "121"]
[EventDate "2014.02.07"]
[EventType "swiss"]
[EventRounds "5"]
[EventCountry "CAN"]

1. d4 Nf6 2. c4 g6 3. Nc3 d5 4. cxd5 Nxd5 5. e4 Nxc3 6. bxc3 c5 7. Nf3 Bg7 8.
Be3 Nd7 9. Bc4 O-O 10. O-O Qc7 11. Bb3 b6 12. Qd2 Bb7 13. d5 Ne5 14. Rac1 Rfd8
15. Bf4 Rac8 16. Rfe1 c4 17. Bc2 Qd6 18. Nxe5 Bxe5 19. Bxe5 Qxe5 20. f4 Qd6 21.
Qe3 Qc5 22. Kf2 Rd6 23. Red1 Rf6 24. g3 Rd6 25. Qxc5 Rxc5 26. a4 Bc8 27. Rd4
Bg4 28. Rb1 Bd7 29. Rb4 b5 30. axb5 Bxb5 31. Ba4 a6 32. Ke3 f6 33. Rd2 Rb6 34.
e5 fxe5 35. fxe5 Kf8 36. Kd4 Rc8 37. Bxb5 axb5 38. Rdb2 e6 39. Rxb5 Rxb5 40.
Rxb5 exd5 41. h4 h5 42. Rxd5 Ke7 43. Rc5 Rd8+ 44. Kxc4 Rd2 45. Rd5 Re2 46. Rd3
Rxe5 47. Kd4 Ra5 48. c4 Kd7 49. Ke4+ Ke6 50. Rd5 Ra4 51. Kd4 Ra1 52. Rg5 Rd1+
53. Kc5 Kf6 54. Kc6 Re1 55. c5 Re6+ 56. Kb7 Re7+ 57. Kb6 Re1 58. c6 Rb1+ 59.
Rb5 Re1 60. c7 Rc1 61. Kb7 1-0

[Event "Quebec-ch Senior"]
[Site "Montreal CAN"]
[Date "2014.02.09"]
[Round "5"]
[White "Hebert, Pierre"]
[Black "Perreault, Marc"]
[Result "1/2-1/2"]
[WhiteElo "1622"]
[BlackElo "1512"]
[PlyCount "54"]
[EventDate "2014.02.07"]
[EventType "swiss"]
[EventRounds "5"]
[EventCountry "CAN"]

1. d4 d5 2. Nc3 Nf6 3. Bg5 e6 4. e4 dxe4 5. Nxe4 Be7 6. Bxf6 Bxf6 7. Nf3 Nc6 8.
c3 O-O 9. Bb5 Bd7 10. Qd2 a6 11. Bd3 g6 12. Nxf6+ Qxf6 13. O-O-O Ne7 14. Rde1
Rfd8 15. h4 Nd5 16. h5 Qf4 17. hxg6 Qxd2+ 18. Kxd2 hxg6 19. Rh4 Kg7 20. Ne5 Nf6
21. Reh1 Be8 22. f4 c5 23. g4 cxd4 24. c4 Rac8 25. g5 Nh5 26. Be2 Ng3 27. Rh7+
Kf8 1/2-1/2

[Event "Quebec-ch Senior"]
[Site "Montreal CAN"]
[Date "2014.02.09"]
[Round "5"]
[White "Labadie, Bernard"]
[Black "Lauzon, Francois"]
[Result "1-0"]
[WhiteElo "1337"]
[BlackElo "1329"]
[PlyCount "126"]
[EventDate "2014.02.07"]
[EventType "swiss"]
[EventRounds "5"]
[EventCountry "CAN"]

1. Nf3 Nf6 2. d4 d5 3. Bg5 Bf5 4. Bxf6 exf6 5. e3 c6 6. c4 Bb4+ 7. Nc3 O-O 8.
a3 Bxc3+ 9. bxc3 Nd7 10. cxd5 cxd5 11. c4 Qa5+ 12. Nd2 Nb6 13. cxd5 Nxd5 14.
Bc4 Nc3 15. Qb3 Ne4 16. Rd1 Rae8 17. Qb2 Be6 18. Bd3 Bd5 19. O-O Nxd2 20. Rxd2
Re6 21. Qb4 Qd8 22. a4 a5 23. Qb1 g6 24. Re1 f5 25. Rb2 Qg5 26. Bf1 f4 27. e4
Rfe8 28. f3 h5 29. Rb5 Qd8 30. Rxd5 Qc7 31. Rc1 Rc6 32. Rdc5 Rd8 33. Rxc6 bxc6
34. Qa1 Qa7 35. Rc5 Qb6 36. Rc4 h4 37. g3 hxg3 38. hxg3 fxg3 39. Kg2 c5 40.
Rxc5 Qd6 41. Rd5 Qb6 42. Rxd8+ Qxd8 43. Kxg3 Qg5+ 44. Kf2 Qh4+ 45. Ke2 Qh2+ 46.
Kd3 Qg3 47. Be2 f6 48. Qa2+ Kg7 49. Qd5 Qc7 50. Qc5 Qb7 51. Qb5 Qe7 52. Qb3 f5
53. e5 g5 54. Qc3 Qb7 55. Kd2 Qd5 56. Bc4 Qd8 57. d5 g4 58. e6+ Kg6 59. fxg4
Qg5+ 60. Qe3 f4 61. Qe4+ Kf6 62. Qf5+ Qxf5 63. gxf5 Ke7 1-0

[Event "Quebec-ch Senior"]
[Site "Montreal CAN"]
[Date "2014.02.09"]
[Round "5"]
[White "Langlois, Jean-Marie"]
[Black "Miron, Gilles"]
[Result "0-1"]
[WhiteElo "1374"]
[BlackElo "1399"]
[PlyCount "88"]
[EventDate "2014.02.07"]
[EventType "swiss"]
[EventRounds "5"]
[EventCountry "CAN"]

1. d4 d5 2. c4 e6 3. Nf3 Nf6 4. Nc3 c6 5. Bg5 Nbd7 6. e3 h6 7. Bh4 Bb4 8. a3
Ba5 9. h3 O-O 10. Bg3 Ne4 11. Qc2 Nxg3 12. fxg3 Nf6 13. Bd3 Bc7 14. Ne2 Nh5 15.
g4 Ng3 16. Nxg3 Bxg3+ 17. Ke2 dxc4 18. Bxc4 b5 19. Bd3 Bb7 20. Be4 Qb6 21. h4
Rac8 22. Rh3 Bd6 23. h5 b4 24. Nd2 Ba6+ 25. Bd3 Be7 26. Nb3 Bxd3+ 27. Qxd3 bxa3
28. bxa3 c5 29. dxc5 Bxc5 30. Nd2 Rfd8 31. Qb1 Qa6+ 32. Ke1 Qd6 33. Qb2 Qd5 34.
e4 Qg5 35. Rf3 Bd4 36. Qb7 Bf6 37. Rd1 Qa5 38. Ke2 Rc7 39. Qb4 Qa6+ 40. Ke1
Rcd7 41. Qb3 Bg5 42. Rf2 Bh4 43. g3 Rd3 44. Qb4 Re3+ 0-1